Los residuos tóxicos y peligrosos

Gespeichert in:
Bibliographische Detailangaben
1. Verfasser: Martínez Orgado, Carlos (autor)
Körperschaft: Ministerio de Obras Públicas y Transporte (VerfasserIn)
Format: Buch
Sprache:Spanisch
Veröffentlicht: Madrid Ministerio de Obras Públicas y Transporte 1991
Schlagworte:
Tags: Tag hinzufügen
Keine Tags, Fügen Sie den ersten Tag hinzu!

MARC

LEADER 00000nam a2200000 a 4500
001 UCV5924
003 CL-VaPUC
008 921008e19910000SP |||||||||||||||||spa|d
082 0 4 |a 628.445  |b MAR  |2 21 
100 |a Martínez Orgado, Carlos  |e autor  |9 300145 
110 2 |a Ministerio de Obras Públicas y Transporte  |e author  |9 300146 
245 1 4 |a Los residuos tóxicos y peligrosos 
300 |a 93 p 
942 |c BK 
945 |d 19921008 00:00:00 
260 |a Madrid  |b Ministerio de Obras Públicas y Transporte  |c 1991 
650 7 |a RESIDUOS INDUSTRIALES PURIFICACION  |2 CL-VaPUC  |9 262778 
650 7 |a RESIDUOS INDUSTRIALES ASPECTOS AMBIENTALES  |2 CL-VaPUC  |9 262779 
651 0 |a España  |9 254926 
583 |a last modification  |c 19921008 00:00:00  |k Rodrigo Vera 
999 |c 212214  |d 212212 
952 |0 0  |1 0  |4 0  |6 628_445000000000000_MAR_1991  |7 0  |8 A  |9 192825  |a BIBING  |b BIBING  |d 2019-11-14  |i 2604582  |o 628.445 MAR 1991  |p 2604582  |r 2025-01-20  |w 2019-11-14  |y BK  |k CCL